Catálogo
 En Linea
Vista normal Vista MARC

Entrada Nombre de reunión

Número de registros utilizados en: 5

001 - NÚMERO DE CONTROL

  • campo de control: 64568

003 - IDENTIFICADOR DEL NÚMERO DE CONTROL

  • campo de control: OSt

005 - FECHA Y HORA DE LA ÚLTIMA TRANSACCIÓN

  • campo de control: 20200615035455.0

008 - DATOS DE LONGITUD FIJA

  • campo de control de longitud fija: 200615|| aca||aabn | a|a d

040 ## - FUENTE DE LA CATALOGACIÓN

  • Centro catalogador/agencia de origen: OSt
  • Centro/agencia transcriptor: OSt

111 ## - ENCABEZAMIENTO--NOMBRE DE CONGRESO/REUNIÓN

  • Nombre de congreso/reunión o jurisdicción como elemento de entrada: Concurso de arte Eduardo León Jimenes
  • Fecha del congreso/reunión: (2010:14 octubre, 9 de enero 2011
  • Sede del congreso/Lugar de la reunión: Santo Domingo
  • Número del congreso/reunión o número de parte o sección: 23: )

670 ## - FUENTE DE DATOS ENCONTRADOS

  • Cita de la fuente: Work cat.: (OSt)37690: Concurso de arte Eduardo León Jimenes (2010:14 octubre, 9 de enero 2011 Santo Domingo 23: ), Concurso de arte Eduardo León Jimenes., 2011.

Con tecnología Koha